|
|
|
|
| LEADER |
01222nam a2200265 a 4500 |
| 001 |
GR-Patra20240 |
| 008 |
010413s2001 nyu g 001 b eng d |
| 020 |
|
|
|a 047139257X
|q pbk. : alk. paper
|
| 040 |
|
|
|a GrPaTEI
|b gre
|c GR-PaULI
|
| 040 |
|
|
|a GrPaTEI
|b gre
|c GR-PaULI
|
| 050 |
|
|
|a KF1420
|b .D53 2001
|
| 082 |
|
0 |
|a 346.7306622
|2 21
|
| 100 |
1 |
|
|a Diamond, Michael R.
|
| 245 |
1 |
0 |
|a How to incorporate :
|b a handbook for entrepreneurs and professionals /
|c Michael R. Diamond, Julie L. Williams.
|
| 250 |
|
|
|a 4th ed.
|
| 260 |
|
|
|a New York :
|b Wiley,
|c c2001
|
| 300 |
|
|
|a xii, 355 σ. :
|b forms ;
|c 28 εκ.
|
| 500 |
|
|
|a Περιλαμβάνει ευρετήριο.
|
| 650 |
|
0 |
|a Incorporation
|z United States
|
| 700 |
1 |
|
|a Williams, Julie L.
|
| 942 |
|
|
|2 ddc
|
| 952 |
|
|
|0 0
|1 0
|2 ddc
|4 0
|6 346_730662200000000_DIA
|7 0
|9 300763
|a LISK
|b LISK
|c BSC
|d 2021-01-17
|e 24
|f 0
|g 0.00
|l 0
|o 346.7306622 DIA
|p 92410029870
|r 2021-01-17 00:00:00
|t 1
|w 2021-01-17
|y BK15
|x 20061017 0 1
|x GrPaTEI
|
| 952 |
|
|
|0 0
|1 0
|2 ddc
|4 0
|6 346_730662200000000_DIA
|7 1
|9 300764
|a LISK
|b LISK
|c BSC
|d 2021-01-17
|e 24
|f 0
|g 0.00
|l 0
|o 346.7306622 DIA
|p 92410029871
|r 2021-01-17 00:00:00
|t 1
|w 2021-01-17
|y BKN
|x 20061017 0 0
|x GrPaTEI
|
| 971 |
|
|
|a .b26678123
|b 15-04-20
|c 26-09-16
|
| 999 |
|
|
|c 174837
|d 174837
|